000 00294nam a22001337a 4500
008 170201b xxu||||| |||| 00| 0 eng d
020 _a0891167463
041 _aeng
080 _22ED
_a61
100 _a3
101 _aSHM
245 _aDYING FACING THE FACTS
_cBERARDO .F.M
942 _2udc
_cBK
999 _c4188
_d4188